00338nam a22001337a 4500003000400000020001800004082001700022100001900039245005600058250000800114260005300122300001000175650001900185SGT a9788193245088 a617.63bS19N aNAGAR, PREETI  aStaging and Grading of Oral Squamous Cell Carcinoma a1ST aNEW DELHIb IP Innovative Publication Pvt.c2019 a1-120 aORAL MEDICINE